| 000 | 00542nam a2200181 i 4500 | ||
|---|---|---|---|
| 001 | 71020 | ||
| 003 | ES-MaACL | ||
| 005 | 20230906171008.0 | ||
| 007 | t| | ||
| 008 | 040804q19001999sp ||||1| spa d | ||
| 245 | 0 | 0 |
_aDiccionario del ballet y de la danza / _cbajo la dirección de Sebastián Gasch. |
| 250 | _a[1ª ed.]. | ||
| 260 |
_aBarcelona : _bArgos, _c[19--?] |
||
| 300 |
_a368 p., 6 lám. : _bil. ; _c23 cm. |
||
| 650 | 4 |
_aBallet. _9151202 |
|
| 700 | 1 |
_aGasch, Sebastià ( _d1897-1980) _955838 |
|
| 852 |
_aES-MaACL _jC-9885 _bR.38426 |
||
| 999 |
_c71020 _d71020 |
||